El zarapito plateado / (Registro nro. 8362)

Detalles MARC
000 -LIDER
fixed length control field 00922nam a22003017a 4500
001 - NÚMERO DE CONTROL
Identificador de número de control 0031
003 - IDENTIFICACDOR DE NÚMERO DE CONTROL
control field DO-SdBNP
005 - DATE AND TIME OF LATEST TRANSACTION
control field 20180220155737.0
007 - CAMPOS FIJOS DE DESCRIPCIÓN FÍSICA
fixed length control field BPMSU
008 - ELEMENTOS DE LONGITUD FIJA
fixed length control field 151012 1993 sp a ||||| |||| 00| 0 spa d
020 ## - ISBN
International Standard Book Number 8434817926
040 ## - FUENTE DE CATALOGACIÓN
Agencia que crea de manera original el registro BPMSU
Idioma de catalogación spa
Agencia que realiza la transcripción BPMSU
100 ## - ASIENTO PRINCIPAL -- NOMBRE PERSONAL
Nombre personal Farjeon, Eleanor
240 1# - TITULO UNIFORME
Título uniforme The silver curiew /
245 ## - MENCIÓN DE TITULO
Título El zarapito plateado /
Mención de responsabilidad Eleanor Farjeon ; traducción Leonor Ventura ; ilustraciones Carmen Lucini
250 ## - MENCIÓN DE EDICION
Mención de edición 7a. ed.
260 ## - PUBLICACIÓN, DISTRIBUCIÓN, ETC. (PIE DE IMPRENTA)
Lugar de publicación, distribución, etc Madrid ;
Nombre del editor, distribuidor, etc. SM.
Fecha de publicación, distribución, etc 1993.
300 ## - DESCRIPCIÓN FÍSICA
Extensión 151p. :
Otros detalles físicos il.
Dimensiones 19 cm.
490 0# - MENCIÓN DE SERIES
Mención de serie El barco de vapor
-- Serie Naranja
Volume/sequential designation 36
521 ## - TARGET AUDIENCE NOTE
Target audience note A partir de 9 años.
586 ## - AWARDS NOTE
Awards note Premio Hans Christian Andersen, 1956.
700 1# - ASIENTO SECUNDARIO -- NOMBRE PERSONAL
Nombre personal Ventura, Leonor
Mención de responsabilidad trad.
700 1# - ASIENTO SECUNDARIO -- NOMBRE PERSONAL
Nombre personal Lucini, Carmen
Mención de responsabilidad il.
830 #0 - ASIENTO SECUNDARIO DE SERIE--TÍTULO UNIFORME
Título uniforme El barco de vapor
Nombre de la parte o sección de una obra Serie Naranja
Volume number/sequential designation 36
942 ## - ADDED ENTRY ELEMENTS (KOHA)
Source of classification or shelving scheme Dewey Decimal Classification
Koha item type Libros
945 ## - INFORMACIÓN DE PROCESAMIENTO LOCAL
Información de procesamiento local Inventariado, 2018/ YL
956 ## - LOCAL ELECTRONIC LOCATION AND ACCESS (OCLC)
Nombre de host YLOCKWARD
Número de acceso 10
Información de compresión BPMSU
Existencias
Withdrawn status Lost status Source of classification or shelving scheme Damaged status Not for loan Collection code Home library Current library Date acquired Source of acquisition Total Checkouts Barcode Date last seen Price effective from Koha item type
    Dewey Decimal Classification     Colección Infantil General Biblioteca Pública Metropolitana Salomé Ureña Biblioteca Pública Metropolitana Salomé Ureña 02/20/2018 Donación   BPMSU18020211 02/20/2018 02/20/2018 Libros